Most Triangular Countries - Statistics

General Stats
  • This quiz has been taken 589 times
  • The average score is 6 of 20
Answer Stats
Triangularity Continent Country % Correct
0.918672 North America Nicaragua
67%
0.888404 South America Argentina
53%
0.898253 South America Bolivia
52%
0.913202 Europe Bosnia and Herzegovina
47%
0.889356 North America Dominican Republic
45%
0.885393 North America Saint Lucia
42%
0.892064 North America Barbados
41%
0.887847 Europe Andorra
30%
0.882420 Europe Lithuania
30%
0.896619 Asia Sri Lanka
30%
0.887851 Africa Algeria
29%
0.886588 Europe Belarus
27%
0.880991 Europe Spain
26%
0.883464 Europe Finland
22%
0.889655 Africa Botswana
18%
0.899915 Africa Mauritania
17%
0.897231 Asia Bhutan
16%
0.907920 Africa Namibia
15%
0.883226 Asia East Timor
13%
0.883835 Asia Mongolia
10%
No matching quizzes found
Score Distribution
Percent of People with Each Score
Percentile by Number Answered
Your Score History
You have not taken this quiz